Statistics for Wright State Basketball: Top 10 All-Time Leaders

Click here to take the quiz!

General Stats

  • This quiz has been taken 3 times
    (2 since last reset)
  • The average score is 49 of 90

Answer Stats

Category#PlayerAmount% Correct
Three Pointers Made9Billy Wampler152
100%
Points Per Game9Billy Wampler15.2
100%
Points3Loudon Love1,792
100%
Blocks1Loudon Love138
100%
Rebounds1Loudon Love1,124
100%
Field Goal Percent5Loudon Love51.8%
100%
Games9Matt Vest123
100%
GamesT1A.J. Pacher133
50%
Three Pointers MadeT2Andy Holderman197
50%
Points1Bill Edwards2,303
50%
Steals5Bill Edwards155
50%
Points Per Game1Bill Edwards20.2
50%
Field Goal Percent6Bill Edwards51.0%
50%
Rebounds2Bill Edwards907
50%
Blocks5Bill Edwards80
50%
Blocks3Bruno Petersons84
50%
Assists10Cole Gentry263
50%
Rebounds10DaShaun Wood559
50%
Assists3DaShaun Wood455
50%
Points2DaShaun Wood1,841
50%
Steals2DaShaun Wood203
50%
Points Per Game7DaShaun Wood15.6
50%
Blocks9Dave Dinn58
50%
Rebounds9Drew Burleson576
50%
Field Goal Percent4Grant Basile52.7%
50%
Blocks2Grant Basile127
50%
Rebounds6Grant Basile616
50%
Three Pointers Made1Grant Benzinger291
50%
GamesT3Grant Benzinger132
50%
Blocks8Jerran Young59
50%
Games10Jordan Pleiman121
50%
Rebounds4Jordan Pleiman685
50%
Three Pointers Made8JT Yoho157
50%
Steals3Keion Brooks200
50%
Points5Keion Brooks1,766
50%
Points Per Game4Keion Brooks16.2
50%
Assists4Keion Brooks397
50%
Field Goal Percent8Kevin Melson47.1%
50%
Points Per Game6Kevin Melson15.9
50%
Blocks7Kevin Melson72
50%
Field Goal Percent9Marcus Mumphrey46.1%
50%
Points Per Game8Mark Alstork15.6
50%
Assists9Mark Hughes285
50%
GamesT6Mark Hughes129
50%
Three Pointers Made10Mark Hughes150
50%
Steals10Mark Hughes117
50%
Field Goal Percent7Mark Woods48.6%
50%
Steals1Mark Woods314
50%
Assists1Mark Woods744
50%
Blocks4Mike Nahar83
50%
GamesT1Parker Ernsthausen133
50%
Three Pointers Made5Reggie Arceneaux173
50%
Assists8Reggie Arceneaux296
50%
GamesT3Reggie Arceneaux132
50%
Three Pointers Made6Rob Welch167
50%
Assists7Rob Welch309
50%
Steals4Rob Welch160
50%
Steals8Scott Benton120
50%
Rebounds3Sean Hammonds692
50%
Steals7Sean Hammonds151
50%
Field Goal Percent2Sean Hammonds58.1%
50%
Points7Sean Hammonds1,573
50%
Points8Seth Doliboa1,500
50%
Points Per Game3Seth Doliboa17.9
50%
Blocks6Seth Doliboa76
50%
Rebounds7Seth Doliboa614
50%
Points Per Game5Tanner Holden16.1
50%
Rebounds5Tanner Holden629
50%
Field Goal Percent3Tanner Holden53.0%
50%
Points9Tanner Holden1,465
50%
Three Pointers MadeT2Todd Brown197
50%
GamesT6Todd Brown129
50%
Points10Todd Brown1,469
50%
Three Pointers Made7Troy Tabler165
50%
Three Pointers Made4Vaughn Duggins187
50%
Games5Vaughn Duggins130
50%
Points4Vaughn Duggins1,777
50%
AssistsT5Vaughn Duggins330
50%
Steals6Vaughn Duggins153
50%
Rebounds8Vernard Hollins594
50%
Field Goal Percent10Vernard Hollins45.6%
50%
Assists2Vernard Hollins465
50%
Points Per Game10Vernard Hollins15.2
50%
Points6Vernard Hollins1,700
50%
Blocks10Vitaly Potapenko56
50%
Points Per Game2Vitaly Potapenko19.9
50%
Field Goal Percent1Vitaly Potapenko60.3%
50%
Steals9William Graham119
50%
AssistsT5William Graham330
50%
Games8William Graham124
50%

Score Distribution

Percentile by Number Answered

Percent of People with Each Score

Your Score History

You have not taken this quiz since the last reset